000 00734nam a2200229 a 4500
001 000042146
005 20201002035952.0
008 131114s2003 pr 000 p spa d
020 _z08665815241
040 _aDO-SdBNP
_bspa
_cBNPHU
082 _aPR861.44
_bM586c
100 1 _aMestas, Juan E.
_969141
245 1 0 _aCentro de gravedad /
_cJuan E. Mestas ; edición Vicente Rodríguez Nietzsche.
260 _aSan Juan, Puerto Rico :
_bGuajana,
_c2003.
300 _a60 p. ;
_c21 cm.
490 1 _aGuajana
650 4 _aPoesía puertorriqueña
_91015
650 4 _aLiteratura puertorriqueña
_9250
700 1 2 _aRodríguez Nietzsche, Vicente
_eed.
_956084
830 0 _aGuajana
_955960
910 _aValidado. Control de calidad MFF
999 _c41635
_d41635